000 00383nam a2200157Ia 4500
005 20250423100047.0
008 250422s9999 xx 000 0 und d
020 _a9781589010253
100 _aMiller, M. & Barnes, J.
245 0 _aMaking policy, making law
260 _aWashington
260 _bGeorgetown university press.
260 _c2004
300 _a244 p
942 _cBK
999 _c32167
_d32167